| 000 | 01051nam1a22002171i 4500 | ||
|---|---|---|---|
| 001 | rc\928212 | ||
| 005 | 20260406105922.0 | ||
| 035 | _a(NLR Aleph) 006242935 | ||
| 090 |
_a6682703 _c6682703 |
||
| 100 | _a20041129d1982 u |0rusy50 ca | ||
| 101 | 0 | _arus | |
| 102 | _aRU | ||
| 105 | _ay ||||||||| | ||
| 200 | 1 |
_aСборник нормативных актов об авторском вознаграждении за публичное исполнение произведений _eПостановления Совета Министров союз. республик о ставках авт. вознаграждения за публ. исполнение произведений лит. и искусства _fВсесоюз. агентство по авт. правам |
|
| 210 |
_aМ. _cВААП _d1982 |
||
| 215 | _d20 | ||
| 712 | 0 | 2 |
_aВсесоюзное агентство по авторским правам _3RU\NLR\AUTH\884870 _9281346 |
| 801 | 0 |
_aRU _bNLR _gpsbo |
|
| 801 | 1 |
_aRU _bELAR _2rusmarc |
|
| 852 |
_aNLR _j82-4/33335 |
||
| 942 | _cBOOK | ||